000 00564nam a2200229Ia 4500
003 OSt
005 20221005114116.0
006 a|||||r|||| 00| 0
007 ta
008 221004b |||||||| |||| 00| 0 eng d
024 _a56011
037 _cTextual
040 _aCRL
_cCRL
_beng
041 _2eng
_aeng
082 _aV2:1:G0, E1
100 _aAiyangar S Krishnaswami
_9245453
245 0 _aAncient India.
260 _c1911
650 _aHISTORY
942 _hV2:1:G0, E1
_cTEXL
_2cc
999 _c1030267
_d1030267